Statistics for 500 Biggest Cities in Europe and Russia

Click here to take the quiz!

General Stats

  • This quiz has been taken 2,949 times
  • The average score is 177 of 498

Answer Stats

City Country Population % Correct
MoscowRussia8,297,000
98%
LondonUnited Kingdom7,074,000
97%
RomeItaly2,649,000
96%
MadridSpain2,824,000
96%
BerlinGermany3,387,000
96%
BarcelonaSpain1,455,000
95%
ParisFrance2,152,000
95%
KievUkraine2,590,000
95%
WarsawPoland1,615,000
94%
BudapestHungary1,825,000
94%
MilanItaly1,306,000
93%
MunichGermany1,195,000
93%
ViennaAustria1,540,000
93%
PragueCzech Republic1,193,000
92%
MinskBelarus1,677,000
92%
BucharestRomania2,016,000
92%
St. PetersburgRussia4,678,000
92%
HamburgGermany1,705,000
92%
AmsterdamNetherlands729,000
91%
SofiaBulgaria1,139,000
90%
BelgradeSerbia1,594,000
90%
NaplesItaly1,047,000
90%
AthensGreece772,000
90%
StockholmSweden744,000
89%
ManchesterUnited Kingdom431,000
89%
OsloNorway505,000
88%
DublinIreland482,000
88%
MarseilleFrance800,000
88%
HelsinkiFinland549,000
88%
GlasgowUnited Kingdom616,000
87%
ZagrebCroatia868,000
87%
LiverpoolUnited Kingdom468,000
86%
RigaLatvia793,000
86%
BirminghamUnited Kingdom1,021,000
86%
TurinItaly921,000
85%
LyonFrance415,000
85%
LisbonPortugal563,000
85%
CopenhagenDenmark499,000
84%
EdinburghUnited Kingdom449,000
84%
RotterdamNetherlands593,000
84%
CologneGermany963,000
83%
Frankfurt am MainGermany644,000
83%
VilniusLithuania578,000
83%
LeedsUnited Kingdom727,000
82%
KrakowPoland740,000
82%
VeniceItaly297,000
82%
TallinnEstonia418,000
81%
ValenciaSpain736,000
80%
ZürichSwitzerland337,000
80%
SarajevoBosnia and Herzegovina529,000
80%
NiceFrance343,000
79%
PalermoItaly689,000
78%
BelfastUnited Kingdom297,000
78%
BratislavaSlovakia449,000
77%
DüsseldorfGermany569,000
77%
DresdenGermany477,000
76%
FlorenceItaly382,000
76%
PortoPortugal273,000
76%
StuttgartGermany582,000
76%
MalmøSweden257,000
75%
OdessaUkraine1,002,000
75%
GdanskPoland458,000
74%
CardiffUnited Kingdom315,000
74%
DonetskUkraine1,050,000
73%
ChisinauMoldova658,000
72%
GenovaItaly656,000
72%
The HagueNetherlands441,000
72%
YekaterinburgRussia1,267,000
72%
SkopjeMacedonia430,000
71%
GenèveSwitzerland172,000
71%
Newcastle-upon-TyneUnited Kingdom282,000
70%
TiranaAlbania244,000
70%
GothenburgSweden462,000
70%
BremenGermany540,000
70%
AntwerpBelgium468,000
70%
BordeauxFrance210,000
70%
VolgogradRussia992,000
69%
KharkivUkraine1,494,000
68%
BristolUnited Kingdom400,000
68%
Nizhny NovgorodRussia1,358,000
68%
BilbaoSpain351,000
68%
SheffieldUnited Kingdom530,000
67%
MalagaSpain543,000
67%
ToulouseFrance359,000
67%
LeipzigGermany490,000
67%
SevillaSpain695,000
66%
AberdeenUnited Kingdom217,000
66%
EssenGermany600,000
66%
LjubljanaSlovenia264,000
65%
BolognaItaly386,000
65%
RostovRussia1,003,000
65%
KazanRussia1,092,000
65%
BergenNorway228,000
65%
LilleFrance172,000
65%
LodzPoland803,000
65%
DortmundGermany590,000
65%
StrasbourgFrance252,000
64%
LvivUkraine786,000
64%
NantesFrance244,000
63%
NürnbergGermany487,000
63%
ZaragozaSpain601,000
62%
SouthamptonUnited Kingdom215,000
61%
NovosibirskRussia1,400,000
61%
OmskRussia1,153,000
60%
VladivostokRussia607,000
60%
BariItaly335,000
60%
SamaraRussia1,165,000
60%
NottinghamUnited Kingdom284,000
59%
UfaRussia1,088,000
59%
WroclawPoland637,000
59%
BonnGermany301,000
59%
BrnoCzech Republic385,000
59%
PermRussia1,014,000
58%
HannoverGermany515,000
57%
VeronaItaly254,000
57%
KatowicePoland344,000
56%
GrazAustria238,000
56%
PodgoricaMontenegro163,000
55%
PoznanPoland578,000
55%
MurmanskRussia379,000
54%
LeicesterUnited Kingdom294,000
53%
SwanseaUnited Kingdom230,000
53%
SochiRussia334,000
53%
BrightonUnited Kingdom156,000
52%
UtrechtNetherlands233,000
52%
ChelyabinskRussia1,084,000
52%
Palma de MallorcaSpain301,000
52%
YorkUnited Kingdom175,000
52%
KrasnodarRussia640,000
50%
PlymouthUnited Kingdom256,000
50%
GranadaSpain243,000
50%
DnipropetrovskUkraine1,108,000
49%
AarhusDenmark286,000
49%
AlicanteSpain272,000
49%
BrestFrance286,000
49%
SplitCroatia200,000
49%
IrkutskRussia591,000
48%
MannheimGermany307,000
48%
KaliningradRussia425,000
48%
KaunasLithuania414,000
47%
RennesFrance197,000
47%
KielGermany234,000
47%
MurciaSpain350,000
46%
LublinPoland356,000
46%
TriesteItaly222,000
46%
MontpellierFrance208,000
46%
LinzAustria203,000
45%
EindhovenNetherlands201,000
45%
SaratovRussia875,000
45%
DundeeUnited Kingdom150,000
45%
CataniaItaly341,000
45%
CordobaSpain307,000
45%
PortsmouthUnited Kingdom190,000
45%
BaselSwitzerland170,000
45%
Stoke-on-TrentUnited Kingdom254,000
45%
VarnaBulgaria299,000
44%
VoronezhRussia903,000
44%
SevastopolUkraine350,000
44%
TurkuFinland171,000
44%
Kingston-upon-HullUnited Kngdom266,000
44%
TampereFinland192,000
43%
Cluj-NapocaRomania332,000
43%
KrasnoyarskRussia876,000
42%
DuisburgGermany520,000
42%
LiegeBelgium195,000
41%
Las PalmasSpain354,000
41%
ValladolidSpain317,000
41%
VigoSpain286,000
41%
RostockGermany203,000
40%
GrenobleFrance151,000
40%
OstravaCzech Republic322,000
39%
AugsburgGermany255,000
39%
TomskRussia481,000
39%
SmolenskRussia351,000
39%
BradfordUnited Kingdom483,000
39%
Novi SadSerbia266,000
38%
TulaRussia506,000
38%
YaroslavlRussia614,000
38%
TimisoaraRomania324,000
38%
CagliariItaly173,000
38%
ParmaItaly167,000
38%
ReimsFrance180,000
37%
MünsterGermany264,000
37%
LuhanskUkraine467,000
37%
BielefeldGermany321,000
37%
ToulonFrance168,000
37%
SzczecinPoland417,000
37%
AachenGermany244,000
36%
CoventryUnited Kingdom306,000
36%
BournemouthUnited Kingdom161,000
36%
La CorunaSpain241,000
36%
KurskRussia440,000
36%
MessinaItaly262,000
36%
Le HavreFrance196,000
36%
GroningenNetherlands172,000
35%
ConstantaRomania342,000
35%
SunderlandUnited Kingdom294,000
35%
OdenseDenmark183,000
35%
MariupolUkraine491,000
35%
WuppertalGermany369,000
35%
VladimirRussia335,000
35%
BialystokPoland284,000
34%
San SebastiánSpain177,000
34%
YakutskRussia196,000
34%
ModenaItaly174,000
34%
Bath & NE SomersetUnited Kingdom165,000
34%
LübeckGermany213,000
34%
GomelBelarus475,000
34%
OrenburgRussia523,000
33%
GentBelgium230,000
33%
TolyattiRussia720,000
33%
DerbyUnited Kingdom233,000
33%
UlyanovskRussia668,000
33%
BresciaItaly190,000
33%
PamplonaSpain163,000
33%
TverRussia451,000
33%
BochumGermany393,000
33%
GdyniaPoland254,000
33%
NisSerbia250,000
33%
WolverhamptonUnited Kingdom244,000
33%
GijonSpain264,000
32%
IasiRomania348,000
32%
AalborgDenmark161,000
32%
KosiceSlovakia242,000
31%
AstrakhanRussia482,000
31%
UppsalaSweden188,000
31%
MainzGermany183,000
31%
KhabarovskRussia609,000
31%
IzhevskRussia654,000
31%
BryanskRussia455,000
30%
EspooFinland207,000
30%
BydgoszczPoland387,000
30%
ArkhangelskRussia365,000
30%
SantanderSpain182,000
30%
BlackpoolUnited Kingdom152,000
30%
KarlsruheGermany277,000
30%
Freiburg im BreisgauGermany202,000
30%
PenzaRussia528,000
29%
CharleroiBelgium207,000
29%
BarnaulRussia580,000
29%
RyazanRussia528,000
29%
TyumenRussia502,000
29%
NorthamptonUnited Kingdom192,000
29%
Ulan-UdeRussia370,000
28%
IvanovoRussia459,000
28%
SaarbrückenRussia184,000
28%
MagdeburgGermany235,000
28%
Santa Cruz de TenerifeSpain203,000
28%
TarantoItaly212,000
28%
HalleGermany254,000
27%
SimferopolUkraine337,000
27%
LipetskRussia519,000
27%
Kryvy RigUkraine705,000
27%
KirovRussia466,000
27%
Mülheim/RuhrGermany173,000
27%
SalonikaGreece749,000
27%
Saint-ÉtienneFrance199,000
27%
VitebskBelarus340,000
26%
StavropolRussia342,000
26%
KemerovoRussia492,000
26%
PatrasGreece153,000
26%
BredaNetherlands160,000
26%
BelgorodRussia338,000
26%
CzestochowaPoland257,000
26%
LutonUnited Kingdom181,000
26%
BrasovRomania314,000
26%
AlmeriaSpain170,000
26%
PskovRussia202,000
26%
MakhachkalaRussia331,000
26%
KalugaRussia339,000
25%
TilburgNetherlands192,000
25%
ChemnitzGermany263,000
25%
ErfurtGermany201,000
25%
VantaaFinland175,000
24%
PécsHungary158,000
24%
VologdaRussia300,000
24%
RadomPoland232,000
24%
Vitoria-GasteizSpain215,000
24%
PlzenCzech Republic168,000
24%
GalatiRomania330,000
24%
EnschedeNetherlands149,000
23%
OldenburgGermany154,000
23%
MogilevBelarus356,000
23%
ElcheSpain191,000
23%
PadovaItaly213,000
23%
BoltonUnited Kingdom265,000
23%
VladikavkazRussia309,000
23%
Kirklees (Huddersfield)United Kingdom389,000
23%
Petropavlovsk-KamchatskyRussia198,000
23%
SzegedHungary158,000
22%
BurgosSpain162,000
22%
HammGermany182,000
22%
TambovRussia312,000
22%
CraiovaRomania313,000
22%
PeterboroughUnited Kingdom158,000
22%
MykolaivUkraine510,000
22%
ChitaRussia309,000
22%
OviedoSpain198,000
22%
SaranskRussia316,000
22%
FifeUnited Kingdom349,000
22%
NijmegenNetherlands152,000
22%
PratoItaly168,000
21%
KostromaRussia287,000
21%
MönchengladbachGermany263,000
21%
OrelRussia342,000
21%
CartagenaSpain170,000
21%
AradRomania184,000
21%
SalamancaSpain158,000
21%
Hospitalet de LlobregatSpain255,050
21%
ZaporozhyeUkraine850,000
21%
Southend-on-SeaUnited Kingdom172,000
21%
LeverkusenGermany161,000
20%
KasselGermany196,000
20%
KlaipedaLithuania202,000
20%
GelsenkirchenGermany282,000
20%
KurganRussia364,000
20%
Nizhny TagilRussia393,000
20%
SosnowiecPoland243,000
20%
SibiuRomania169,000
19%
GrodnoBelarus301,000
19%
PoltavaUkraine313,000
19%
NorilskRussia149,000
19%
WiganUnited Kingdom310,000
19%
OsnabrückGermany164,000
19%
WirralUnited Kingdom329,000
19%
Banja LukaBosnia and Herzegovina196,000
18%
Reggio di CalabriaItaly180,000
18%
MagnitogorskRussia427,000
18%
RotherhamUnited Kingdom255,000
18%
CherepovetsRussia323,000
18%
BraunschweigGermany246,000
18%
TorunPoland206,000
18%
WakefieldUnited Kingdom317,000
18%
DoncasterUnited Kingdom292,000
18%
PloiestiRomania251,000
17%
CheboksaryRussia459,000
17%
RijekaCroatia168,000
17%
DudleyUnited Kingdom312,000
17%
WarringtonUnited Kingdom189,000
17%
LivornoItaly164,000
17%
PetrozavodskRussia282,000
17%
BratskRussia279,000
17%
SalfordUnited Kingdom229,000
17%
OrskRussia274,000
17%
OradeaRomania222,000
17%
BadalonaSpain211,000
17%
OberhausenGermany222,000
16%
KrefeldGermany241,000
16%
OldhamUnited Kingdom220,000
16%
WalsallUnited Kingdom262,000
16%
EngelsRussia190,000
16%
StockportUnited Kingdom291,000
16%
SurgutRussia277,000
16%
ApeldoornNetherlands153,000
16%
TaganrogRussia285,000
16%
Jérez de la FronteraSpain182,000
16%
BuryUnited Kingdom182,000
16%
KielcePoland212,000
16%
MiskolcHungary173,000
15%
BorisovBelarus151,000
15%
KhersonUkraine354,000
15%
BrailaRomania233,000
15%
LutskUkraine216,000
15%
HagenGermany205,000
15%
Uzno-SakhalinskRussia176,000
15%
NovokuznetskRussia564,000
15%
St. HelensUnited Kingdom179,000
14%
FoggiaItaly156,000
14%
AngarskRussia265,000
14%
PitestiRomania187,000
14%
PerugiaItaly152,000
14%
BacauRomania209,000
14%
GliwicePoland211,000
14%
RochdaleUnited Kingdom207,000
14%
BourgasBulgaria195,000
13%
NeussGermany150,000
13%
Milton KeynesUnited Kingdom197,000
13%
North SomersetUnited Kingdom185,000
13%
AberdeenshireUnited Kingdom227,000
13%
BiiskRussia224,000
13%
TerrassaSpain164,000
13%
BalakovoRussia208,000
13%
DebredenHungary204,000
13%
New ForestUnited Kingdom169,000
12%
SolingenGermany165,000
12%
LüdwigshafenGermany164,000
12%
Naberezhnye TchelnyRussia521,000
12%
HighlandUnited Kingdom208,000
12%
BytomPoland204,000
12%
NE LincolnshireUnited Kingdom158,000
12%
East Riding of YorkshireUnited Kingdom308,000
12%
ShakhtyRussia221,000
12%
Stockton-on-TeesUnited Kingdom179,000
12%
SabadellSpain186,000
12%
South SomersetUnited Kingdom151,000
12%
RybinskRussia241,000
12%
MóstolesSpain196,000
12%
Ivano-FrankovskRussia234,000
12%
PiraeusGreece182,000
12%
ColchesterUnited Kingdom154,000
12%
RzeszówPoland162,000
12%
LeganésSpain174,000
11%
Bielsko-BialaPoland180,000
11%
SyzranRussia186,000
11%
KovrovRussia161,000
11%
BaranovichiBelarus167,000
11%
North LincolnshireUnited Kingdom153,000
11%
GatesheadUnited Kingdom201,000
11%
HerneGermany175,000
11%
Baia MareRomania149,000
10%
RovnoUkraine244,000
10%
North LanarkshireUnited Kingdom325,000
10%
ZabrzePoland199,000
10%
NaltchikRussia230,000
10%
BălțiMoldova151,000
10%
Alcalá de HenaresSpain163,000
10%
Kamensk-UralskyRussia190,000
10%
South TynesideUnited Kingdom156,000
10%
North TynesideUnited Kingdom193,000
10%
SumyUkraine296,000
10%
TamesideUnited Kingdom220,000
10%
OlsztynPoland171,000
10%
ThamesdownUnited Kingdom174,000
10%
SandwellUnited Kingdom292,000
10%
Velikiy NovgorodRussia229,000
10%
South LanarkshireUnited Kingdom307,000
10%
NovorossiyskRussia204,000
10%
RousséBulgaria167,000
9%
KramatorskUkraine187,000
9%
TraffordUnited Kingdom219,000
9%
ZhitomirUkraine297,000
9%
ChelmsfordUnited Kingdom156,000
9%
MiassRussia166,000
9%
CherkassyUkraine308,000
9%
KragujevacSerbia181,000
9%
ChernigovUkraine307,000
9%
BobruiskBelarus220,000
9%
PodolskRussia194,000
9%
VolgodonskRussia180,000
9%
BarnselyUnited Kingdom227,000
8%
KirovogradUkraine267,000
8%
SeftonUnited Kingdom290,000
8%
SolihullUnited Kingdom204,000
8%
TernopolUkraine233,000
8%
HuntingdonshireUnited Kingdom153,000
8%
AbakanRussia168,000
8%
Rhondda with Cynon & TaffUnited Kingdom240,000
8%
BlagoveshchenskRussia220,000
8%
KolomnaRussia151,000
8%
Komsomolsk-na-AmureRussia294,000
8%
KnowsleyUnited Kingdom154,000
8%
Ruda SlaskaPoland158,000
7%
CharnwoodUnited Kingdom156,000
7%
SterlitamakRussia264,000
7%
MaikopRussia167,000
7%
KertchUkraine167,000
7%
GorlovkaUkraine303,000
7%
Ioshkap-OlaRussia249,000
7%
MakeyevkaUkraine388,000
7%
BasildonUnited Kingdom163,000
7%
WycombeUnited Kingdom164,000
7%
FuenlabradaSpain163,000
7%
ArmavirRussia164,000
7%
NikopolUkraine150,000
6%
South GloucestershireUnited Kingdom235,000
6%
SeverodvinskRussia236,000
6%
VinnutsyaUkraine383,000
6%
NizhnekamskRussia224,000
6%
VolzhskyRussia286,000
6%
MacclesfieldUnited Kingdom152,000
6%
KhmelnitskyUkraine258,000
6%
SalavatRussia158,000
6%
BereznikiRussia183,000
6%
MelitopolUkraine170,000
6%
Tirgu-MuresRomania165,000
6%
CalderdaleUnited Kingdom193,000
6%
ZlatoustRussia198,000
6%
Starsy OskolRussia212,000
6%
Belaya TserkovUkraine212,000
6%
ZelenogradRussia207,000
6%
LeskovacSerbia162,000
6%
West LothianUnited Kingdom151,000
5%
ChernovtsyUkraine260,000
5%
ProkopyevskRussia236,000
5%
SyktivkarRussia230,000
5%
NizhenvartovskRussia238,000
5%
KrementchugUkraine238,000
5%
DherzhinskRussia278,000
5%
DneprodzerzhinskUkraine270,000
5%
NovocherkasskRussia184,000
5%
RenfrewshireUnited Kingdom178,000
5%
RubtsovskRussia163,000
5%
NakhodkaRussia158,000
5%
Aylesbury ValeUnited Kingdom156,000
5%
CarmarthenshireUnited Kingdom169,000
5%
CaerphillyUnited Kingdom169,000
5%
UssuriiskRussia157,000
4%
LyubertsyRussia164,000
4%

Score Distribution

Percentile by Number Answered

Percent of People with Each Score

Your Score History

You have not taken this quiz